| 000 | 00455cam a22001457a 4500 | ||
|---|---|---|---|
| 008 | 180718b1993 xxu||||| |||| 00| 0 eng d | ||
| 082 | _aB3x73 P961 | ||
| 100 | _aStraussman, Jeffrey D. | ||
| 245 | _aThe impact of courts on public management | ||
| 260 |
_aSan Francisco _bJossey-Bass _c1993 |
||
| 300 | _ap.189-205 | ||
| 500 | _a[In] Public management: the state of the art, edited by Barry Bozeman | ||
| 650 | _aPublic Administration | ||
| 650 | _aCourts | ||
| 999 |
_c376085 _d376085 |
||